|
|
|
|
| LEADER |
01028nam a2200277 a 4500 |
| 001 |
7349 |
| 003 |
BD-DhAAL |
| 005 |
20141222162942.0 |
| 008 |
141222s1991 njua b 001 0 eng |
| 010 |
|
|
|a 90020505
|
| 020 |
|
|
|a 0135527465 :
|
| 040 |
|
|
|a DLC
|c DLC
|d DLC
|d BD-DhAAL
|
| 050 |
0 |
0 |
|a HF5548.2
|b .M388 1991
|
| 082 |
0 |
0 |
|a 658/.05
|2 20
|
| 100 |
1 |
|
|a Mensching, James,
|d 1946-
|9 6964
|
| 245 |
1 |
0 |
|a Managing an information system /
|c James R. Mensching, Dennis A. Adams.
|
| 260 |
|
|
|a Englewood Cliffs, NJ :
|b Prentice Hall,
|c c1991.
|
| 300 |
|
|
|a xxi, 448 p. :
|b ill. ;
|c 25 cm.
|
| 490 |
|
|
|a Prentice Hall series in information management
|
| 504 |
|
|
|a Includes bibliographical references and index.
|
| 541 |
|
|
|e 7349
|
| 650 |
|
0 |
|a Electronic data processing departments
|x Management.
|9 6965
|
| 700 |
1 |
|
|a Adams, Dennis A.,
|d 1958-
|9 6966
|
| 942 |
|
|
|2 ddc
|c BK
|
| 999 |
|
|
|c 33343
|d 33343
|
| 952 |
|
|
|0 0
|1 0
|2 ddc
|4 0
|6 658_050000000000000_MEN
|7 0
|9 44534
|a BRACUL
|b BRACUL
|c GEN
|d 2014-12-22
|l 0
|o 658.05 MEN
|p 3010007349
|r 2014-12-22
|t 1
|w 2014-12-22
|y BK
|